Big Lez Show Characters - Statistics

General Stats
  • This quiz has been taken 43 times
  • The average score is 9 of 16
Answer Stats
Hint Answer % Correct
Main character Lez
100%
Sasquatches Sassy
94%
Donny
80%
Main characters son Quinton
77%
Main enemy Norton
74%
Nolsy Mike Nolan
69%
Scruffy
60%
Owl Owly
54%
Wayno
51%
Scottish Guy Warning Guy
46%
Cecil
43%
Main characters father King Laranox
43%
Yellow Leader Bumble Brutus
40%
Yellow enemy Choomahs
40%
Annoying leader Clarence
34%
Scotty
14%
No matching quizzes found
Score Distribution
Percent of People with Each Score
Percentile by Number Answered
Your Score History
You have not taken this quiz